Seminari de conducció de reunions : febrer 2000 febrer 2000
Publicado:
Barcelona :
Diputació de Barcelona. Servei de Planificació de Personal. Unitat de Formació ,
2000
Descripción Física:
1 carpeta amb 77 f. ; 31 cm
MARC
| LEADER | 00000nam a2200000Ia 4500 | ||
|---|---|---|---|
| 001 | 23141 | ||
| 008 | 160829s2000 xx 000 0 cat d | ||
| 080 | |a FOL-3-95 | ||
| 245 | |a Seminari de conducció de reunions : |b febrer 2000 | ||
| 260 | |a Barcelona : |b Diputació de Barcelona. Servei de Planificació de Personal. Unitat de Formació, |c 2000 | ||
| 300 | |a 1 carpeta amb 77 f. ; |c 31 cm | ||
| 590 | |a A la coberta: Pla de Formació | ||
| 650 | 0 | |a Reunions |9 41871 | |
| 650 | |a Personal |x Fromació |9 43211 | ||
| 710 | 1 | |9 56171 |a Barcelona (Catalunya : Província). |b Servei de Planificació de Personal | |
| 901 | |a Arxiu | ||
| 942 | |n 1 |2 udc | ||
| 952 | |0 0 |1 0 |4 0 |6 FOL395 |7 1 |9 52373 |a Arxiu |b Arxiu |d 2016-12-01 |l 0 |o FOL-3-95 |p 23141 |r 2016-12-01 00:00:00 |w 2016-12-01 |y ARXIU | ||
| 999 | |c 56221 |d 56221 | ||